000 00996naa a22002777a 4500
001 BR8503336
003 BR-BrBNA
005 20240918175614.0
007 ta
008 230509b bl.||||| |||| 00| 0 por d
040 _aBR-BrBNA
_bpor
_cBiblioteca Nacional de Agricultura
041 _a(Pt)
072 _aP36
_b/G514
090 _aP36 BR8503336
100 1 _aPorto, R.P.
111 1 _a3. Simposio Nacional de Controle de Erosao
_cMaringa, PR (Brazil)
_d29 Sep - 04 Oct 1985
245 1 _aErosao do norte do Rio Grande do Sul [Brasil]
260 3 _aCuritiba, PR (Brasil):
_c1985.
500 _aAnais do 3. Simposio Nacional de Controle de Erosao Curitiba, PR (Brasil): 1985. p. 223-228 (BR8503336-AM)P36
650 _aEROSAO DO SOLO
650 _aDESERTIFICACAO
650 _aRIO GRANDE DO SUL
773 0 _tAnais do 3. Simposio Nacional de Controle de Erosao
_wP36 BR8503336
_gCuritiba, PR (Brasil), 1985. p. 223-228
909 _a202404
_bLucia
_c55
_dLucia Elande
942 _cAM
_2AGRIS
999 _c317429
_d317429